<?xml version="1.0" encoding="UTF-8"?>
<collection xmlns="http://www.loc.gov/MARC21/slim">
    <record>
        <controlfield tag="001">71141</controlfield>
        <controlfield tag="005">20180723131433.0</controlfield>
        <datafield tag="037" ind1=" " ind2=" ">
            <subfield code="a">TAZ-TFG-2018-1699</subfield>
        </datafield>
        <datafield tag="041" ind1=" " ind2=" ">
            <subfield code="a">spa</subfield>
        </datafield>
        <datafield tag="100" ind1="1" ind2=" ">
            <subfield code="a">García Viñado, Inés</subfield>
        </datafield>
        <datafield tag="242" ind1="0" ind2="0">
            <subfield code="a">Use of lysozyme as an additive in diets for weaned pigs</subfield>
        </datafield>
        <datafield tag="245" ind1="0" ind2="0">
            <subfield code="a">Uso de lisozima como aditivo en dietas para lechones</subfield>
        </datafield>
        <datafield tag="260" ind1=" " ind2=" ">
            <subfield code="a">Zaragoza</subfield>
            <subfield code="b">Universidad de Zaragoza</subfield>
            <subfield code="c">2018</subfield>
        </datafield>
        <datafield tag="506" ind1=" " ind2=" ">
            <subfield code="a">by-nc-sa</subfield>
            <subfield code="b">Creative Commons</subfield>
            <subfield code="c">3.0</subfield>
            <subfield code="u">http://creativecommons.org/licenses/by-nc-sa/3.0/</subfield>
        </datafield>
        <datafield tag="520" ind1=" " ind2=" ">
            <subfield code="a">La lisozima es una enzima natural que forma parte de secreciones tales como las lágrimas, la saliva o la leche. Su función como agente antibacteriano es debida a que es capaz de catalizar la hidrólisis de las uniones de los disacáridos repetitivos del peptidoglicano de la pared celular de las bacterias, lo que conduce a la muerte celular. Este trabajo trata de hacer una revisión bibliográfica de los últimos estudios realizados sobre el uso de la lisozima como aditivo en dietas de lechones en fase de transición, comparando su efecto con el uso de antibióticos usados tradicionalmente en esta fase de producción para la mejora de la salud y el rendimiento de los lechones. Tras años de estudios es clara la correlación entre la administración de antibióticos y la mejora de la producción. De manera similar, la lisozima, como aditivo en la dieta, mejora el crecimiento y el rendimiento nutricional, pero al contrario que los antibióticos no altera la microbiota intestinal dejándola más expuesta a las patologías sino que la enriquece de probióticos, ni tampoco favorece la aparición de resistencias. Es por ello que la lisozima es una alternativa viable al uso de antibióticos en la producción porcina.</subfield>
        </datafield>
        <datafield tag="521" ind1=" " ind2=" ">
            <subfield code="a">Graduado en Veterinaria</subfield>
        </datafield>
        <datafield tag="540" ind1=" " ind2=" ">
            <subfield code="a">Derechos regulados por licencia Creative Commons</subfield>
        </datafield>
        <datafield tag="700" ind1=" " ind2=" ">
            <subfield code="a">Fondevila Camps, Manuel</subfield>
            <subfield code="e">dir.</subfield>
        </datafield>
        <datafield tag="710" ind1="2" ind2=" ">
            <subfield code="a">Universidad de Zaragoza</subfield>
            <subfield code="b">Producción Animal y Ciencia de los Alimentos</subfield>
            <subfield code="c">Producción Animal</subfield>
        </datafield>
        <datafield tag="856" ind1="0" ind2=" ">
            <subfield code="f">544818@celes.unizar.es</subfield>
        </datafield>
        <datafield tag="856" ind1="4" ind2=" ">
            <subfield code="s">2441670</subfield>
            <subfield code="u">http://zaguan.unizar.es/record/71141/files/TAZ-TFG-2018-1699.pdf</subfield>
            <subfield code="y">Memoria (spa)</subfield>
        </datafield>
        <datafield tag="909" ind1="C" ind2="O">
            <subfield code="o">oai:zaguan.unizar.es:71141</subfield>
            <subfield code="p">driver</subfield>
            <subfield code="p">trabajos-fin-grado</subfield>
        </datafield>
        <datafield tag="950" ind1=" " ind2=" ">
            <subfield code="a"></subfield>
        </datafield>
        <datafield tag="951" ind1=" " ind2=" ">
            <subfield code="a">deposita:2018-07-23</subfield>
        </datafield>
        <datafield tag="980" ind1=" " ind2=" ">
            <subfield code="a">TAZ</subfield>
            <subfield code="b">TFG</subfield>
            <subfield code="c">VET</subfield>
        </datafield>
        <datafield tag="999" ind1=" " ind2=" ">
            <subfield code="a">20180620191713.CREATION_DATE</subfield>
        </datafield>
    </record>

    
</collection>